| 000 | 00608nam a22002177a 4500 | ||
|---|---|---|---|
| 003 | OSt | ||
| 005 | 20210419080126.0 | ||
| 008 | 210303s1975 ||||| |||| 00| 0 eng d | ||
| 020 | _a0140028536 | ||
| 040 |
_aeng _beng _cDLC |
||
| 041 | _aeng | ||
| 080 |
_a821.111 _bF-88 |
||
| 100 |
_9822 _aFreeling, Nicolas |
||
| 245 |
_aThe King of the Rainy Country _c/ by: Penguin Books |
||
| 260 |
_aBaltimore, Maryland _bPenguin Books _c1975 |
||
| 300 | _a157 p. | ||
| 365 | _b1.25 usd | ||
| 650 | 0 |
_9247 _aEnglish literature |
|
| 653 | _aინგლისური ლიტერატურა | ||
| 942 |
_2udc _cBK |
||
| 999 |
_c1880 _d1880 |
||